Stazioni ferrovia Genova-Ventimiglia nel 2000 - Statistics

Statistiche generali
  • Questo quiz è stato fatto 66 volte
  • Il punteggio medio è 26 su 38
Statistiche sulle risposte
Hint Risposta % Corretto
Stazione di confine IT/FR Ventimiglia
94%
Diramazione da S Giuseppe di C Savona
92%
Stretta fra le gallerie Genova Piazza Principe
87%
Tre binari e un tronco corto Sanremo
87%
Binari al primo piano del FV Alassio
83%
Passaggio al semplice binario Albenga
79%
Diramazione per linea dei Giovi Genova Sampierdarena
79%
Variante del 1968, oggi fermata Arenzano
77%
Bordighera
77%
Cogoleto
77%
Stazione del 1977, oggi fermata Albisola
75%
Passaggio al semplice binario Finale Ligure
75%
Presso l'aeroporto Genova Sestri Ponente
75%
Stazione con nome doppio Spotorno - Noli
75%
Varazze
75%
Stazione del 1977, oggi fermata Celle Ligure
73%
Nuova e vecchia Genova Voltri
73%
Pietra Ligure
73%
Fermata rifatta nel 2006 Genova Pra
71%
Passaggio al doppio binario Loano
69%
Fermata e posto di blocco Ceriale
67%
Sottostazione elettrica Diano Marina
67%
Genova Pegli
67%
FV a tre piani Andora
65%
Fermata con nome doppio Quiliano - Vado
65%
Taggia
63%
Borghetto Santo Spirito
62%
Fermata fra le industrie Genova Cornigliano
60%
Grande scalo Imperia Oneglia
58%
Imperia Porto Maurizio
58%
Stazione (incroci), oggi fermata Laigueglia
58%
Passaggio al doppio binario Ospedaletti
52%
Fermata Vallecrosia
52%
Ultima fermata di Genova Genova Vesima
50%
Stazione (incroci), oggi fermata Borgio Verezzi
46%
Stazione con sottopasso Cervo - San Bartolomeo
46%
Transiti in III binario San Lorenzo - Cipressa
42%
Binario fra le case Santo Stefano - Riva Ligure
37%
Nessun quiz corrispondente trovato
Distribuzione punteggi
Percentuale di utenti per punteggio
Percentile per numero di risposta
I tuoi punteggi nel tempo
Non hai fatto questo quiz